Antologia giuridica romanistica ed antiquaria
Guardat en:
| Autors principals: | , , , , , , , , , , , , |
|---|---|
| Autor corporatiu: | |
| Altres autors: | |
| Format: | Llibre |
| Idioma: | italià |
| Publicat: |
Milán
Dott. A. Giuffrè
1968
|
| Col·lecció: | Pubblicazioni della Facoltà di Giurisprudenza, Studi di Diritto Romano, 7
|
| Matèries: | |
| Etiquetes: |
Afegir etiqueta
Sense etiquetes, Sigues el primer a etiquetar aquest registre!
|
MARC
| LEADER | 00000nam a2200000 a 4500 | ||
|---|---|---|---|
| 001 | UCR3592 | ||
| 003 | CL-VaPUC | ||
| 005 | 20221115074614.0 | ||
| 008 | 980128e19680000IT |||||||||||||||||ita|d | ||
| 999 | |c 266648 |d 266646 | ||
| 040 | |c Pontificia Universidad Católica de Valparaíso | ||
| 082 | 0 | 4 | |a 340.54 |b CAR |2 21 |
| 100 | 0 | |a Cardascia, Guillaume |e author |9 402552 | |
| 110 | 2 | |a Università di Milano |e author |9 402565 | |
| 245 | 1 | 0 | |a Antologia giuridica romanistica ed antiquaria |
| 260 | |a Milán |b Dott. A. Giuffrè |c 1968 | ||
| 300 | |a v | ||
| 490 | 0 | |a Pubblicazioni della Facoltà di Giurisprudenza, Studi di Diritto Romano, 7 | |
| 583 | |a last modification |c 19980128 00:00:00 |k Rodrigo Vera | ||
| 650 | 0 | |a Derecho romano |9 255930 | |
| 650 | 0 | |a Historia del derecho |9 255109 | |
| 650 | 0 | |a Jurisprudencia |9 255952 | |
| 650 | 0 | |a Derecho civil |9 255013 | |
| 650 | 0 | |a Derecho marítimo |9 255301 | |
| 650 | 7 | |a DERECHO PENAL |2 CL-VaPUC |9 11 | |
| 650 | 7 | |a EPOCA CLASICA |2 CL-VaPUC |9 402566 | |
| 700 | 0 | |a Paoli, Ugo Enrico |e author |9 402553 | |
| 700 | 0 | |a Triantaphyllopoulos, Ioannes |e author |9 402554 | |
| 700 | 0 | |a Sherillo, Gaetano |e author |9 402555 | |
| 700 | |a Stein, Peter |e autore |9 402556 | ||
| 700 | 0 | |a Wieacker, Franz |e author |9 402557 | |
| 700 | 0 | |a Biscardi, Arnaldo |e author |9 402558 | |
| 700 | |a Kaser, Max |e author |9 402493 | ||
| 700 | 0 | |a Seidl, Erwin |e author |9 402559 | |
| 700 | 0 | |a Horvat, Marijan |e author |9 402560 | |
| 700 | 0 | |a Thomas, J. A |e author |9 402561 | |
| 700 | 0 | |a Biondi, Biondo |e author |9 402562 | |
| 700 | 0 | |a Bartoletti, Vittorio |e author |9 402563 | |
| 700 | |a Gaudemet, Jean |e author |9 487559 | ||
| 942 | |c BK |2 ddc | ||
| 945 | |d 19980128 00:00:00 |a crobeson | ||
| 952 | |0 0 |1 0 |4 0 |6 340_540000000000000_CAR_1968 |7 0 |8 DER_ROM |9 298435 |a BIBDER |b BIBDER |d 2019-11-20 |h v.1 |i 1947192 |l 1 |o 340.54 CAR 1968 |p 1947192 |r 2023-01-25 |s 2020-03-19 |w 2019-11-20 |x Ubicación 4to piso |y BK |z Este recurso debe solicitarse con anticipación |k DER | ||